Christianity in South Africa : a political, social, and cultural history /
Saved in:
| Other Authors: | , |
|---|---|
| Format: | Book |
| Language: | English |
| Published: |
Berkeley ; Los Angeles :
University of California Press,
1997.
|
| Series: | Perspectives on Southern Africa ;
55. |
| Subjects: | |
| Tags: |
Add Tag
No Tags, Be the first to tag this record!
|
| LEADER | 03757cam a2200373Ia 4500 | ||
|---|---|---|---|
| 001 | 007764657-6 | ||
| 005 | 20020606104010.5 | ||
| 008 | 980319s1997 cauaf b s001 0 eng d | ||
| 020 | |a 0520209397 (cloth) | ||
| 020 | |a 0520209400 (paper) | ||
| 035 | 0 | |a ocm38284545 | |
| 035 | 0 | |a ocm38745626 | |
| 040 | |a DWT |c DWT |d WTS |d HLS | ||
| 043 | |a f-sa--- | ||
| 090 | |a BR1450 |b .C48 1997 | ||
| 090 | |a BR1450 |b .C465 1997x | ||
| 245 | 0 | 0 | |a Christianity in South Africa : |b a political, social, and cultural history / |c edited by Richard Elphick and Rodney Davenport. |
| 260 | |a Berkeley ; |a Los Angeles : |b University of California Press, |c 1997. | ||
| 300 | |a xiv, 480 p., [18] p. of plates : |b ill. ; |c 23 cm. | ||
| 490 | 1 | |a Perspectives on Southern Africa ; |v 55 | |
| 504 | |a Includes bibliographical references and index. | ||
| 505 | 0 | |a Introduction: Christianity in South African history / Richard Elphick -- A Christian monopoly : the Reformed Church and colonial society under Dutch rule / Jonathan N. Gerstner -- Combating spiritual and social bondage : early missions in the Cape colony / Elizabeth Elbourne & Robert Ross -- Settlement, conquest and theological controversy : the churches of nineteenth-century European immigrants / Rodney Davenport -- A battle for sacred power : Christian beginnings among the Xhosa / Janet Hodgson -- Kingdoms of this world and the next : Christian beginnings among Zulu and Swazi / Norman Etherington -- | |
| 505 | 0 | |a (cont.) Monarchs and missionaries among the Tswana and Sotho / Roger B. Beck -- The spread of Christianity among whites and blacks in Transorangia / Irving Hexham & Karla Poewe -- Modernization and apartheid : the Afrikaner churches / Johann Kinghorn -- Grappling with a colonial heritage : the English-speaking churches under imperalism and apartheid / John W. de Gruchy -- Lutheran missions and churches in South Africa / Georg Scriba with Gunnar Lislerud -- Moving from the margins to the mainstream : the Roman Catholic Church / Joy Brain -- "A branch springs out" : African initiated churches / Hennie Pretorius & Lizo Jafta -- | |
| 505 | 0 | |a (cont.) The segregated spirit : the Pentecostals / Allan A. Anderson & Gerald J. Pillay -- The struggle for Sunday : all-male Christianity in the Gold Mine compounds / Tshidiso Maloka -- Power in prayer and service : women's Christian organizations / Deborah Gaitskell -- Between Christ and Mohammed : conversion, slavery, and gender in the urban Western Cape / Robert C.-H. Shell -- Ambivalence, antipathy, and accommodation : Christianity and the Jews / Milton Shain -- Community service and conversion : Christianity among Indian South Africans / Gerald J. Pillay -- | |
| 505 | 0 | |a (cont.) The drumbeat of the cross : Christianity and literature / Jeff Opland -- South African Christian music. A. Christian music in the Western tradition / Barry Smith. B. Christian music among Africans / David Dargie -- South African Christian architecture / Dennis Radford -- Millennial Christianity, British imperalism, and African nationalism / Wallace G. Mills -- The benevolent empire and the social gospel : missionaries and South African Christians in the age of segregation / Richard Elphick -- Creation and apartheid : South African theology since 1948 / Eugene M. Klaaren -- Christianity and the anti-apartheid struggle : the prophetic voice within divided churches / Peter Walshe. | |
| 650 | 0 | |a Christianity |z South Africa |x History. | |
| 650 | 0 | |a Race relations |x Religious aspects |x Christianity. | |
| 650 | 0 | |a Apartheid |z South Africa |x History. | |
| 651 | 0 | |a South Africa |x Race relations |x History. | |
| 700 | 1 | |a Elphick, Richard. | |
| 700 | 1 | |a Davenport, T. R. H. | |
| 830 | 0 | |a Perspectives on Southern Africa ; |v 55. | |
| 988 | |a 20020608 | ||
| 906 | |0 OCLC | ||


